Länder mit den meisten Hauskatzen - Statistiken

Allgemein
  • Dieses Quiz wurde 41 mal gespielt
  • Das Durchschnittsergebnis liegt bei 9 aus 10
Antwortstatistiken
Hint Antwort % Korrekt
16,7 Mio Deutschland
98%
95,6 Mio USA
98%
53,4 Mio China
95%
15,1 Mio Frankreich
95%
10,1 Mio Italien
88%
22,95 Mio Russland
88%
8,8 Mio Japan
85%
22,1 Mio Brasilien
83%
8,5 Mio Kanada
80%
12 Mio Vereinigtes Königreich
80%
Keine übereinstimmenden Quizze gefunden
Verteilung der Resultate
Anzahl Personen mit jedem Resultat
Perzentil nach korrekt beantworteten Fragen
Ihre Resultats-Entwicklung
Sie haben dieses Quiz noch nicht gespielt